Color Mixtures - Statistics

General Stats
  • This quiz has been taken 40 times
  • The average score is 11 of 20
Answer Stats
Hint Answer % Correct
Red + Yellow Orange
100%
Yellow + Blue Green
96%
Red + Blue Purple
96%
Green + Red Brown
93%
Black + White Grey
89%
Yellow + Purple Grey
89%
Red + White Pink
89%
Blue + Purple Violet
63%
Blue + Green Cyan
52%
Blue + White Baby Blue
48%
Red + Purple Magenta
48%
Yellow + Brown Gold
37%
Orange + Green Olive
37%
Yellow + Green Chartreuse
30%
Orange + Pink Coral
30%
Orange + White Peach
30%
Yellow + Orange Amber
26%
Pink + Purple Lavender
26%
Red + Orange Vermillion
26%
Brown + White Beige
22%
No matching quizzes found
Score Distribution
Percent of People with Each Score
Percentile by Number Answered
Your Score History
You have not taken this quiz